Schaum's outlines Group theory (Record no. 178675)

MARC details
000 -LEADER
fixed length control field 00516 a2200181 4500
008 - FIXED-LENGTH DATA ELEMENTS--GENERAL INFORMATION
fixed length control field 170909b xxu||||| |||| 00| 0 eng d
010 ## - LCCN (DPL NO)
LC control number B-192548
020 ## - INTERNATIONAL STANDARD BOOK NUMBER
International Standard Book Number 9780070604933
Terms of availability -
020 ## - INTERNATIONAL STANDARD BOOK NUMBER
International Standard Book Number 0070604932
035 ## - SYSTEM CONTROL NUMBER
System control number B-192548
082 ## - DEWEY DECIMAL CLASSIFICATION NUMBER
Classification number 510
Item number BAU
100 ## - MAIN ENTRY--PERSONAL NAME
Personal name Baumslag,Benjamin
245 ## - TITLE STATEMENT
Title Schaum's outlines Group theory
Statement of responsibility, etc by Benjamin Baumslag,
260 ## - PUBLICATION, DISTRIBUTION, ETC. (IMPRINT)
Place of publication, distribution, etc New Delhi
Name of publisher, distributor, etc Tata McGraw Hill
Date of publication, distribution, etc 2005
300 ## - PHYSICAL DESCRIPTION
Extent 277p.
Dimensions 24 cm (pbk)
500 ## - GENERAL NOTE
General note includes appendix & index
942 ## - ADDED ENTRY ELEMENTS (KOHA)
Institution code [OBSOLETE] dpl
Item type English Books
Call number prefix 510/BAU
Source of classification or shelving scheme Dewey Decimal Classification
Holdings
Withdrawn status Lost status Source of classification or shelving scheme Damaged status Not for loan Collection code Home library Current library Date acquired Cost, normal purchase price Total Checkouts Total Renewals Barcode Date last seen Cost, replacement price Koha item type
    Dewey Decimal Classification     Non-fiction Sarojini Nagar Sarojini Nagar 09/04/2021 0.00 1 2 B-192548 13/03/2023 0.00 English Books

© Delhi Public Library
Hit Counter
free hit counter